Návrh rozšírenia používania metódy FMEA v podniku VÚSAPL, a. s., Nitra : Diplomová práca

Salvato in:
Dettagli Bibliografici
Autore principale: Janík, Miroslav, 1986- (Autore)
Altri autori: Rybanský, Rudolf, 1947- (Relatore della tesi)
Natura: Manoscritto Libro
Lingua:slovacco
Pubblicazione: Trnava : STU v Bratislave MTF UPMK, 2011
Soggetti:
Accesso online:VAIS
Tags: Aggiungi Tag
Nessun Tag, puoi essere il primo ad aggiungerne!!

MARC

LEADER 00000ntm a22000003a 4500
001 stu227226
005 20160719160351.1
008 110616s2011----xo------------------slo-d
040 |a STU  |b slo 
041 0 |a slo 
044 |a xo 
100 1 |a Janík, Miroslav,  |d 1986-  |4 aut  |X 37159  |7 A000037159 
242 0 0 |a The proposal for the extension of using the FMEA method in the company VÚSAPL, a. s., Nitra  |y eng 
245 1 |a Návrh rozšírenia používania metódy FMEA v podniku VÚSAPL, a. s., Nitra :  |b Diplomová práca 
260 |a Trnava :  |b STU v Bratislave MTF UPMK,  |c 2011 
300 |a 62 s., CD-ROM 
650 7 |a chyby  |2 stusub 
650 7 |a metóda FMEA  |2 stusub 
650 7 |a priemyselné manažérstvo  |2 stusub 
650 7 |a Industrial Management  |2 estusub 
700 1 |a Rybanský, Rudolf,  |d 1947-  |4 ths  |u M4000  |U MTF Materiálovotechnologická fakulta  |T MTF Ústav priemyselného inžinierstva a manažmentu  |X 1543  |U M4000  |Y 84  |7 A000001543 
856 4 |a info a plný text  |u http://is.stuba.sk/zp/portal_zp.pl?podrobnosti=67150  |3 VAIS 
996 |c M*DP-10071  |l MMSKP  |s P  |a 0  |w stu227226_0001